[Event "EICC 2019"]
[Site "Skopia"]
[Date "2019.03.21"]
[Round "4.10"]
[White "Can, Emre"]
[Black "Moiseenko, Alexander"]
[Result "1/2-1/2"]
[WhiteElo "2586"]
[BlackElo "2648"]
[Annotator "TA"]
[PlyCount "38"]
[EventDate "2019.03.18"]
[EventType "swiss"]
[EventCountry "MKD"]
[SourceTitle "playchess.com"]
[Source "ChessBase"]
[SourceQuality "1"]

{[%evp 9,38,0,18,8,18,10,39,25,32,27,18,22,27,-4,14,6,24,-37,0,-10,-11,0,-9,0,22,38,43,0,0,-34,-34]} 1. d4 Nf6 2. c4 e6 3. Nf3 d5 4. g3 Bb4+ 5. Bd2 Bd6 (5... Be7 6. Bg2 O-O 7. O-O c6 8. Qc2 Nbd7 9. Bf4 b6 10. Rd1 Ba6 11. cxd5 cxd5 12. Ne5 Nxe5 13. dxe5 Ng4 14. Bf3 f5 15. exf6 Nxf6 16. Qa4 Bb7 17. Nd2 Qe8 18. Qxe8 Rfxe8 {½-½ (29) Giri,A (2783)-Ding,L (2813) Wijk aan Zee 2019}) 6. Nc3 {E01: Catalan: Early deviations} O-O 7. Bg2 Nbd7 8. c5 {White is slightly better.} Be7 9. O-O Ne4 10. b4 f5 11. Qb3 $146 ({Predecessor:} 11. Qc2 Bf6 12. e3 c6 {0-1 (44) Meier,G (2644)-Svane,R (2581) Apolda 2017}) 11... Bf6 12. Be3 c6 13. Rad1 (13. Rac1 $11) 13... Kh8 14. Na4 b6 15. Qc2 a5 16. Ne5 Nxe5 17. dxe5 Bxe5 18. Nxb6 Ra7 19. bxa5 Ba6 {Accuracy: White = 21%, Black = 41%.} 1/2-1/2

[Event "EICC 2019"]
[Site "Skopia"]
[Date "2019.03.21"]
[Round "4.11"]
[White "Kuzubov, Yuriy"]
[Black "Aleksandrov, Aleksej"]
[Result "0-1"]
[WhiteElo "2644"]
[BlackElo "2574"]
[Annotator "TA"]
[PlyCount "80"]
[EventDate "2019.03.18"]
[EventType "swiss"]
[EventCountry "MKD"]
[SourceTitle "playchess.com"]
[Source "ChessBase"]
[SourceQuality "1"]

{[%evp 9,80,0,35,2,2,1,13,9,16,4,8,8,18,17,17,3,6,0,12,4,-12,-30,-24,-29,0,0,0,0,0,0,0,0,-16,0,0,0,-7,-22,-10,-5,-10,-15,-15,-31,-22,-28,-21,-26,-18,-54,-18,-52,-49,-50,-47,-43,103,111,102,0,0,-105,-114,-113,-112,-98,-93,-116,-118,-146,-143,-697,-691]} 1. Nf3 Nf6 2. g3 b5 3. e3 a6 4. Bg2 Bb7 5. O-O g6 6. b3 {A05: Réti Opening: 1 Nf3 Nf6} Bg7 7. Bb2 c5 $146 ({Predecessor:} 7... O-O 8. d4 d6 9. Nbd2 Nbd7 10. Qe2 c5 {½-½ (86) Caruana,F (2827)-Carlsen,M (2840) chess.com INT 2017}) 8. c4 {The position is equal.} O-O 9. Nc3 bxc4 10. bxc4 Nc6 11. Rb1 Rb8 12. Ba1 e6 13. Na4 d6 14. d4 cxd4 15. exd4 Ne7 16. Re1 Qc7 17. d5 exd5 18. c5 $1 {[%cal Rc5d6] cxd6 is the strong threat.} Nc6 19. Nb6 {Strongly threatening Bxf6.} dxc5 {And now ...d4 would win.} 20. Bxf6 $1 Bxf6 21. Nxd5 {[%mdl 64] [#] Double Attack} Qd8 22. Nxf6+ Qxf6 23. Rb6 Bc8 24. Rxb8 Nxb8 {[%cal Bc6b8,Bb8d7,Bd7b6,Bb6a4][%mdl 32]} 25. Ne5 Re8 26. Nd3 Rd8 27. Qe2 Qd6 28. Qe3 $1 c4 29. Nf4 Nd7 30. Qc3 Nb6 31. a4 Nxa4 32. Qxc4 Bd7 {[#]} (32... Nb6 $15 {stays ahead.} 33. Qc3 Bd7) 33. Nd5 $1 $16 {[%mdl 1024] Black must now prevent Qd4. White has strong compensation.} Nb6 34. Qh4 ({White must play} 34. Qxa6 $16 Rb8 35. Re2) 34... Bb5 35. Nf6+ (35. Ne7+ $11 {remains equal.} Kh8 36. Qg5) 35... Kg7 $17 36. Ng4 h5 37. Ne3 Qf6 $36 {[%mdl 2048] White is under strong pressure.} 38. Qb4 Rd4 39. Qc5 Rd2 40. Nc2 $2 {[%mdl 8192]} (40. f4 $17) 40... Nd7 {Accuracy: White = 43%, Black = 62%.} 0-1

[Event "EICC 2019"]
[Site "Skopia"]
[Date "2019.03.21"]
[Round "4.12"]
[White "Zvjaginsev, Vadim"]
[Black "Djukic, Nikola"]
[Result "1-0"]
[WhiteElo "2642"]
[BlackElo "2572"]
[Annotator "TA"]
[PlyCount "107"]
[EventDate "2019.03.18"]
[EventType "swiss"]
[EventCountry "MKD"]
[SourceTitle "playchess.com"]
[Source "ChessBase"]
[SourceQuality "1"]

{[%evp 9,107,-23,0,0,4,2,0,0,0,-3,-18,-18,-9,-9,16,16,40,0,0,0,22,38,173,167,170,179,185,186,186,184,172,163,156,157,165,172,164,144,169,166,215,217,223,224,408,383,447,424,431,432,394,339,387,366,383,370,395,406,395,403,354,343,340,340,335,340,330,299,405,257,258,251,257,202,204,190,291,284,330,330,330,276,487,468,1127,1112,818,599,568,556,457,392,763,592,1006,848,2000,1787,3335,2310]} 1. Nf3 c5 2. b3 d6 3. e3 e5 4. Nc3 (4. Bb5+ Nc6 5. O-O a6 6. Bxc6+ bxc6 7. c4 Nf6 8. Nc3 Be7 9. d3 O-O 10. Bb2 h6 11. Nd2 {1-0 (54) Carlsen,M (2837)-Nepomniachtchi,I (2729) Riadh 2017}) 4... Nf6 $146 ({Predecessor:} 4... f5 5. Bb5+ Bd7 6. Bxd7+ Nxd7 7. d3 Ndf6 8. O-O Qd7 9. Bb2 Ne7 10. Re1 h6 11. a4 {0-1 (33) Vukovic,I (2243)-Cabrilo,G (2499) Dubrovnik 2008}) 5. Bb5+ Bd7 6. Bxd7+ {A04: Unusual lines after 1 Nf3 and King's Indian Attack} Qxd7 7. O-O Be7 8. d4 {The position is equal.} cxd4 9. exd4 e4 10. Nd2 d5 11. f3 Bb4 12. Bb2 $36 {[%cal Rf3e4][%mdl 2048] White fights for an advantage.} Qc6 13. Ne2 O-O 14. c3 Bd6 15. fxe4 Bxh2+ ({Black should play} 15... Nxe4 $14 16. Nxe4 dxe4) 16. Kxh2 $18 Ng4+ 17. Kg1 Qh6 {[%csl Gg4][%cal Rh6h2] [#]} 18. Rf3 Qh2+ 19. Kf1 Qh1+ 20. Ng1 Nh2+ 21. Ke2 {[#] Rg3 is the strong threat.} Qxg2+ 22. Rf2 Qg4+ 23. Kd3 Qg3+ 24. Rf3 $1 {[%cal Rf3g3]} Nxf3 25. Qxf3 Qg6 26. Nh3 Nd7 $2 (26... dxe4+ 27. Nxe4 (27. Qxe4 Nd7 $16) 27... f5) 27. Rg1 dxe4+ 28. Nxe4 Qa6+ 29. Kc2 f5 30. Ng3 Qc6 31. Qf4 Rae8 32. c4 Nf6 33. Kb1 Ng4 34. d5 Qg6 35. Ng5 h6 36. Ne6 Rxe6 37. dxe6 Qxe6 38. a4 Qb6 39. Qd4 Qxd4 40. Bxd4 g6 41. Bxa7 h5 42. Nh1 Re8 (42... Kg7 $142 43. Nf2 g5) 43. Nf2 Kg7 44. a5 g5 45. b4 {[%cal Bb3b4,Bb4b5][%mdl 32]} Kg6 $2 (45... Ra8 {was worth a try.}) 46. b5 h4 (46... Ne5 $142 47. Re1 Ra8) 47. Nxg4 fxg4 48. Rxg4 {[%mdl 4096] Endgame KRB-KR} h3 49. Rg1 Re4 50. Kb2 g4 $2 (50... Rxc4 51. Kb3 Re4) 51. Bb8 {White is clearly winning.} Re8 52. Bc7 Kg5 53. a6 bxa6 54. b6 {Accuracy: White = 91%, Black = 40%.} 1-0

[Event "EICC 2019"]
[Site "Skopia"]
[Date "2019.03.21"]
[Round "4.13"]
[White "Hracek, Zbynek"]
[Black "Alekseev, Evgeny"]
[Result "1/2-1/2"]
[WhiteElo "2578"]
[BlackElo "2640"]
[Annotator "TA"]
[PlyCount "29"]
[EventDate "2019.03.18"]
[EventType "swiss"]
[EventCountry "MKD"]
[SourceTitle "playchess.com"]
[Source "ChessBase"]
[SourceQuality "1"]

{[%evp 15,29,33,35,35,35,42,36,28,29,32,36,0,0,0,47,0]} 1. e4 c5 2. Nf3 e6 3. d4 cxd4 4. Nxd4 Nc6 5. Nc3 a6 6. Nxc6 bxc6 7. Bd3 d5 8. O-O Nf6 9. Qf3 {B46: Sicilian: Taimanov: 5 Nc3 a6} Be7 10. Qg3 O-O 11. Bh6 {[%csl Gh6][%cal Rg3g7] [#]} Ne8 $1 {aiming for ...Bh4.} 12. Bf4 Nf6 $146 ({Predecessor:} 12... Bh4 13. Qf3 Bg5 14. Na4 Qf6 15. Bxg5 Qxg5 16. Nb6 Rb8 17. Nxc8 Rxc8 18. Bxa6 {1-0 (33) Kramnik,V (2800)-Andreikin,D (2712) Moscow 2018}) 13. Bh6 {[%csl Gh6][%cal Rg3g7]} Ne8 $1 {And now ...Bh4 would win.} 14. Bf4 Nf6 15. Bh6 1/2-1/2

[Event "EICC 2019"]
[Site "Skopia"]
[Date "2019.03.21"]
[Round "4.14"]
[White "Yilmaz, Mustafa"]
[Black "Buhmann, Rainer"]
[Result "1/2-1/2"]
[WhiteElo "2636"]
[BlackElo "2568"]
[Annotator "TA"]
[PlyCount "29"]
[EventDate "2019.03.18"]
[EventType "swiss"]
[EventCountry "MKD"]
[SourceTitle "playchess.com"]
[Source "ChessBase"]
[SourceQuality "1"]

{[%evp 11,29,8,9,8,25,16,12,20,29,24,16,-10,-16,-16,-15,-27,0,-37,4,-30]} 1. d4 Nf6 2. c4 e6 3. Nf3 Bb4+ 4. Bd2 Be7 5. Nc3 O-O 6. e4 {E11: Bogo-Indian} (6. a3 b6 7. e4 d5 8. cxd5 exd5 9. e5 Ne4 10. Bd3 Bb7 11. O-O c5 12. Re1 Nxc3 13. Bxc3 {1-0 (35) Lysyj,I (2686)-Morozevich,A (2724) Kazan 2014 CBM 164 [CB]}) 6... d5 {LiveBook: 3 Games} 7. e5 Ne4 8. Bd3 {White has an edge.} Nxd2 9. Qxd2 dxc4 10. Bxc4 c5 {[%cal Bc7c5,Bc5d4][%mdl 32]} 11. O-O $146 ({Predecessor:} 11. d5 exd5 12. Qxd5 Qb6 13. O-O-O {0-1 (49) Matijevic,H (2227)-Loncar,R (2368) Mali Losinj 2017}) 11... cxd4 12. Ne4 Nc6 13. Rac1 Bd7 14. Qf4 Kh8 15. Neg5 1/2-1/2

[Event "EICC 2019"]
[Site "Skopia"]
[Date "2019.03.21"]
[Round "4.15"]
[White "Rozum, Ivan"]
[Black "Lysyj, Igor"]
[Result "1/2-1/2"]
[WhiteElo "2573"]
[BlackElo "2635"]
[Annotator "TA"]
[PlyCount "46"]
[EventDate "2019.03.18"]
[EventType "swiss"]
[EventCountry "MKD"]
[SourceTitle "playchess.com"]
[Source "ChessBase"]
[SourceQuality "1"]

{[%evp 22,46,20,21,24,27,22,20,20,20,22,23,19,12,12,8,12,11,10,9,9,4,0,15,20,14,22]} 1. g3 d5 2. Nf3 Nf6 3. Bg2 e6 4. O-O Be7 5. c4 O-O 6. b3 b6 7. Bb2 Bb7 8. cxd5 Nxd5 9. d4 Nd7 {[%cal Bb8d7,Bd7e5,Be5c6][%mdl 32]} 10. Re1 c5 11. e4 N5f6 12. Nc3 cxd4 {A14: English Opening: 1...e6 with b3 by White} 13. Nxd4 {Black should prevent e5.} Bc5 (13... Ne5 14. Qe2 Bc5 15. Red1 Qe7 16. Na4 Bxd4 17. Bxd4 Nc6 18. Be3 Rfd8 19. Nc3 Qb4 20. Qb2 {1-0 (45) So,W (2822)-Onischuk,A (2667) Saint Louis 2017}) 14. Re2 Ne5 15. Na4 Bxd4 16. Bxd4 Nc6 17. Bb2 {The position is equal.} Qe7 18. Qe1 Rfd8 19. Rd1 Rxd1 20. Qxd1 {[#]} Rd8 $146 21. Rd2 Rxd2 22. Qxd2 e5 23. f3 Ba6 1/2-1/2

[Event "EICC 2019"]
[Site "Skopia"]
[Date "2019.03.21"]
[Round "4.16"]
[White "Alonso Rosell, Alvar"]
[Black "Gledura, Benjamin"]
[Result "0-1"]
[WhiteElo "2559"]
[BlackElo "2630"]
[Annotator "TA"]
[PlyCount "74"]
[EventDate "2019.03.18"]
[EventType "swiss"]
[EventCountry "MKD"]
[SourceTitle "playchess.com"]
[Source "ChessBase"]
[SourceQuality "1"]

{[%evp 11,74,13,13,10,8,6,14,14,13,19,15,11,9,0,16,-20,-13,-17,0,-10,0,0,0,0,0,0,0,-17,-13,-35,-53,-45,-58,-50,-67,-72,0,-63,0,0,0,0,6,-17,-6,-6,-6,-8,-4,-5,-5,-5,-7,-4,20,-129,-126,-280,-276,-307,-307,-307,-307,-5769,-5106]} 1. d4 d5 2. c4 c6 3. Nf3 Nf6 4. e3 Bf5 5. Nc3 e6 6. Be2 h6 7. Bd3 {D12: Slav Defence: 3 Nf3 Nf6 4 e3 Bf5} Bxd3 8. Qxd3 Nbd7 9. O-O {The position is equal.} Bb4 10. Bd2 (10. a3 Ba5 11. b3 O-O 12. Bb2 Qe7 13. Rfd1 Bc7 14. Qc2 {0-1 (56) Kuzubov,Y (2699)-Grigoriants,S (2561) Riadh 2017}) 10... a5 11. a3 Be7 12. Rad1 Qb6 $146 ({Predecessor:} 12... O-O 13. e4 dxe4 14. Nxe4 {½-½ (40) Benitah,Y (2421)-Dunis,A (2504) France 2007}) 13. Bc1 Qa6 14. b3 O-O 15. e4 dxe4 16. Nxe4 a4 17. Nxf6+ Bxf6 18. b4 Rfd8 19. Rfe1 Nb6 20. b5 cxb5 21. cxb5 Qa5 22. Bd2 Qa7 23. g4 Nd7 (23... Rd5 $1 $17) 24. Be3 (24. Bb4 $11) 24... Nf8 (24... Qa5 $15) 25. d5 $1 $36 {[%mdl 2048] White is more active.} Qa5 26. d6 Rac8 27. Bd2 Bc3 28. Rc1 Bxd2 29. Nxd2 Nd7 {[%cal Bf8d7,Bd7e5,Be5c4][%mdl 32] aiming for ...Ne5!} 30. Ne4 $1 Ne5 31. Qe2 Nc4 32. g5 $1 {[%cal Rg5h6] Black must now prevent gxh6.} hxg5 (32... Qxb5 $2 33. gxh6 g6 34. d7 $1 $18 {[%mdl 512]}) 33. d7 (33. Qh5 $1 $11 {was the only way to keep the balance.} Qxb5 34. Rc3 (34. d7 Rxd7 35. Rc3 g6 $15)) 33... Rxd7 $17 34. Nxg5 $2 (34. Qh5 $17 {was worth a try.} Qxb5 {[#]} 35. Re3 $1 {[%mdl 512]} (35. Nxg5 $2 Qf5 $19)) 34... Qxb5 $19 35. Qh5 {Hoping for Qh7+.} Qf5 36. Re4 Rc5 37. Rg4 $2 {[#]} (37. Rexc4 Qxg5+ 38. Qxg5 Rxg5+ 39. Kf1) 37... Ne3 $1 {[%mdl 576] Discovered Attack. Accuracy: White = 43%, Black = 59%.} 0-1

[Event "EICC 2019"]
[Site "Skopia"]
[Date "2019.03.21"]
[Round "4.17"]
[White "Rakhmanov, Aleksandr"]
[Black "Martinovic, Sasa"]
[Result "1/2-1/2"]
[WhiteElo "2629"]
[BlackElo "2558"]
[Annotator "TA"]
[PlyCount "30"]
[EventDate "2019.03.18"]
[EventType "swiss"]
[EventCountry "MKD"]
[SourceTitle "playchess.com"]
[Source "ChessBase"]
[SourceQuality "1"]

{[%evp 16,30,0,0,0,0,0,-7,0,0,0,-12,-2,-10,-12,-15,-18]} 1. Nf3 d5 2. g3 c6 3. Bg2 Bf5 4. d4 Nf6 5. c4 e6 6. Nc3 h6 7. Qb3 {D11: Slav Defence: 3 Nf3 sidelines and 3...Nf6 4 e3 Bg4} Qb6 8. c5 (8. Bf4 dxc4 9. Qxc4 Nd5 10. Na4 Qb4+ 11. Qxb4 Bxb4+ 12. Bd2 {1-0 (52) Fridman,D (2633)-Antipov,M (2589) St Petersburg 2018}) 8... Qxb3 9. axb3 {LiveBook: 8 Games. The position is equal.} Be7 10. b4 O-O 11. Bf4 $146 ({Predecessor:} 11. O-O Ne4 12. Nxe4 Bxe4 13. Nd2 Bxg2 14. Kxg2 Bf6 {1-0 (34) Jones,I (2286)-Prizant,M (2126) Dublin 2011}) 11... g5 12. Bd2 Nbd7 13. O-O Ne4 14. Nxe4 Bxe4 15. Bc3 a6 1/2-1/2

[Event "EICC 2019"]
[Site "Skopia"]
[Date "2019.03.21"]
[Round "4.18"]
[White "Lomasov, Semyon"]
[Black "Kobalia, Mikhail"]
[Result "1-0"]
[WhiteElo "2559"]
[BlackElo "2627"]
[Annotator "TA"]
[PlyCount "59"]
[EventDate "2019.03.18"]
[EventType "swiss"]
[EventCountry "MKD"]
[SourceTitle "playchess.com"]
[Source "ChessBase"]
[SourceQuality "1"]

{[%evp 14,59,14,11,41,43,40,41,60,30,73,79,73,68,70,79,77,77,66,67,75,54,63,52,125,117,143,120,174,148,189,188,181,168,168,170,170,170,164,151,161,156,437,458,452,172,454,445]} 1. Nf3 d5 2. g3 Bg4 3. Bg2 Nd7 4. O-O c6 5. h3 Bh5 6. d4 {A07: Réti Opening: New York and Capablanca Systems} e6 7. c4 Bd6 8. Qb3 {LiveBook: 7 Games. The position is equal.} Qb8 $146 ({Predecessor:} 8... Qb6 9. Nc3 Qxb3 10. axb3 a6 11. e4 dxe4 12. Nxe4 Bc7 {½-½ (51) Ganguly,S (2615)-Aronian,L (2765) Kolkata 2018}) 9. cxd5 exd5 10. Nh4 {aiming for Nf5.} Ne7 11. Nc3 Bg6 12. Nxg6 hxg6 13. e4 dxe4 14. Nxe4 Nb6 15. Re1 O-O 16. Bd2 Re8 17. Ng5 Ned5 18. Ba5 {Threatens to win with Bxb6.} Rxe1+ (18... Be7 $14 19. Bxb6 Bxg5 20. Bxd5 cxd5 21. Rxe8+ (21. Qxd5 Be3 $11) 21... Qxe8 22. Qxd5 Bf6) 19. Rxe1 $16 {Black must now prevent Bxb6.} Qd8 20. h4 $36 {[%mdl 2048] White is in control.} Bc7 (20... Be7 $16 {keeps fighting.}) 21. Bxb6 axb6 22. Bxd5 $1 cxd5 23. Qf3 f6 24. Ne6 Qd7 25. Nxc7 Qxc7 26. Qxd5+ Kh7 27. h5 Qc6 $2 {[#]} (27... Kh6 $16) 28. Qf7 $1 $18 gxh5 29. Qxh5+ Kg8 30. Re7 {Precision: White = 98%, Black = 56%.} 1-0

[Event "EICC 2019"]
[Site "Skopia"]
[Date "2019.03.21"]
[Round "4.19"]
[White "Arutinian, David"]
[Black "Paravyan, David"]
[Result "1/2-1/2"]
[WhiteElo "2555"]
[BlackElo "2627"]
[Annotator "TA"]
[PlyCount "49"]
[EventDate "2019.03.18"]
[EventType "swiss"]
[EventCountry "MKD"]
[SourceTitle "playchess.com"]
[Source "ChessBase"]
[SourceQuality "1"]

{[%evp 16,49,7,0,16,24,17,0,0,3,0,9,14,0,11,0,0,0,0,-7,10,20,35,35,22,0,0,-27,-10,-9,-7,-8,-6,-8,-8,-5]} 1. Nf3 d5 2. e3 Nf6 3. c4 e6 4. b3 Nbd7 5. Bb2 Bd6 6. Nc3 O-O 7. d4 b6 8. Bd3 Bb7 9. O-O dxc4 {E14: Queen's Indian: Classical Variation (4 e3)} (9... a6 10. Rc1 Qe7 11. cxd5 exd5 12. Ne2 Ne4 13. Qc2 Rac8 14. Ng3 g6 15. Qe2 h5 16. Ne5 Nxe5 17. dxe5 Bxe5 18. Bxe5 Qxe5 19. Nxe4 dxe4 20. Bxa6 Bxa6 21. Qxa6 {½-½ (57) Harikrishna,P (2732)-Navara,D (2727) Prague 2018}) 10. bxc4 e5 {[#] Threatens to win with ...e4.} 11. Ng5 exd4 12. exd4 h6 13. Nf3 Re8 14. Nh4 $146 ({Predecessor:} 14. Bc2 Nf8 15. Nb5 Be4 16. Ba4 Ng4 17. Nxd6 Qxd6 {½-½ (42) Greet,A (2447)-Kapnisis,S (2464) Dundee 2017}) 14... g6 15. g3 Bf8 16. Qc2 Bg7 17. Rad1 Nf8 18. d5 Rc8 19. Rd2 Qd7 20. Rfd1 c6 {[%cal Rc6d5]} 21. Qb3 (21. Bf1 $5 {[%cal Rd5c6]}) 21... cxd5 22. cxd5 {The position is equal.} Bxd5 ({But not} 22... Nxd5 $2 23. Bb5 $18) 23. Nxd5 Qxd5 24. Qxd5 Nxd5 25. Bb5 {Accuracy: White = 32%, Black = 68%.} 1/2-1/2

[Event "EICC 2019"]
[Site "Skopia"]
[Date "2019.03.21"]
[Round "4.20"]
[White "Kadric, Denis"]
[Black "Smirin, Ilia"]
[Result "1/2-1/2"]
[WhiteElo "2547"]
[BlackElo "2618"]
[Annotator "TA"]
[PlyCount "69"]
[EventDate "2019.03.18"]
[EventType "swiss"]
[EventCountry "MKD"]
[SourceTitle "playchess.com"]
[Source "ChessBase"]
[SourceQuality "1"]

{[%evp 19,69,22,29,30,58,52,28,33,34,0,27,31,22,28,43,29,33,33,39,32,29,14,41,0,8,0,0,0,29,8,41,29,28,0,30,39,38,45,10,20,12,0,17,13,13,17,27,0,0,0,11,0]} 1. e4 c5 2. Nc3 e6 3. Nf3 a6 4. d4 cxd4 5. Nxd4 Qc7 6. Bd3 Nf6 7. O-O Bc5 8. Nb3 Ba7 9. Bg5 {B43: Sicilian: Kan Variation: 5 Nc3} (9. Kh1 Nc6 10. f4 d6 11. Qe2 h5 12. Be3 Bxe3 13. Qxe3 Bd7 14. Rae1 O-O-O 15. Na4 Kb8 16. Nb6 Be8 {0-1 (34) Kadric,D (2543)-Caruana,F (2827) Batumi 2018}) 9... Nc6 10. Kh1 h5 {LiveBook: 3 Games. White should prevent ...Ng4.} ({Of course not} 10... Bb8 $6 11. f4 $16) 11. Bh4 {White has an edge.} Ng4 $146 {[%csl Gg4][%cal Rc7h2] [#]} ({Predecessor:} 11... b5 12. f3 Ne5 13. Qe1 Ng6 14. Bg3 e5 15. a4 b4 16. Nd1 Rb8 {½-½ (37) Krzyzanowski,A (2393)-Troia,E (2304) ICCF email 2016}) 12. Bg3 d6 13. Be2 Nce5 14. Bxe5 dxe5 15. Bxg4 hxg4 16. Qxg4 f6 17. Rad1 Kf7 18. Rd3 {[%cal Bd1d3,Bd3g3,Bg3h3,Bh3h5][%mdl 32]} Bd7 19. Rfd1 Rad8 20. R1d2 Bc6 21. Rg3 g5 22. Rh3 b5 23. a3 Bb6 24. Kg1 Qe7 25. Rh5 a5 26. h4 {[%cal Rh4g5]} gxh4 27. Qxh4 Rxh5 28. Qxh5+ Kg7 29. Qg4+ Kf7 30. Qh5+ Kg7 31. Rxd8 Qxd8 32. Qg4+ Kf7 33. Qh5+ Kg7 34. Qg4+ Kf7 35. Qh5+ {Precision: White = 44%, Black = 70%.} 1/2-1/2

[Event "EICC 2019"]
[Site "Skopia"]
[Date "2019.03.21"]
[Round "4.21"]
[White "Sychev, Klementy"]
[Black "Vocaturo, Daniele"]
[Result "1/2-1/2"]
[WhiteElo "2545"]
[BlackElo "2616"]
[Annotator "TA"]
[PlyCount "28"]
[EventDate "2019.03.18"]
[EventType "swiss"]
[EventCountry "MKD"]
[SourceTitle "playchess.com"]
[Source "ChessBase"]
[SourceQuality "1"]

{[%evp 14,28,25,20,24,9,15,-21,-25,-28,-10,-9,-7,-7,-3,-14,-8]} 1. e4 e5 2. Nf3 Nc6 3. Bb5 a6 4. Ba4 Nf6 5. O-O b5 6. Bb3 Bb7 7. d3 Bc5 8. Nc3 O-O {C78: Ruy Lopez: Archangelsk and Möller Defences} (8... d6 9. a3 h6 10. Be3 O-O 11. Ba2 Rb8 12. Ne2 Bc8 13. Ng3 Bb6 14. c3 Re8 15. d4 Bg4 16. Qd3 Bxf3 17. gxf3 {1-0 (32) Karjakin,S (2780)-Sokolov,I (2663) Wijk aan Zee 2013}) 9. Nd5 Na5 10. Nxf6+ $146 ({Predecessor:} 10. Bg5 Be7 11. Nxe7+ Qxe7 12. Nh4 Nxb3 13. axb3 Qe6 14. Nf5 d5 15. f4 dxe4 16. fxe5 {0-1 (45) Kobo,O (2480)-Nabaty,T (2649) Tiberias 2016}) 10... Qxf6 11. Bg5 Qd6 12. Nh4 {The position is equal.} Nxb3 13. axb3 Qe6 14. Be3 Bxe3 1/2-1/2

[Event "EICC 2019"]
[Site "Skopia"]
[Date "2019.03.21"]
[Round "4.22"]
[White "Zhigalko, Andrey"]
[Black "Erdos, Viktor"]
[Result "0-1"]
[WhiteElo "2541"]
[BlackElo "2612"]
[Annotator "TA"]
[PlyCount "100"]
[EventDate "2019.03.18"]
[EventType "swiss"]
[EventCountry "MKD"]
[SourceTitle "playchess.com"]
[Source "ChessBase"]
[SourceQuality "1"]

{[%evp 30,100,0,0,7,0,0,0,0,0,0,0,0,0,4,0,0,0,0,0,0,0,0,0,11,9,14,8,13,14,142,136,153,156,153,150,150,149,290,284,386,380,395,387,347,214,212,-139,-139,-318,-323,-329,-312,-302,-312,-300,-300,-1246,-1246,-29979,-29980,-29980,-29981,-29980,-29980,-29987,-29985,-29984,-29985,-29984,-29985,-29985,-29986]} 1. e4 e5 2. Nf3 Nc6 3. Bb5 {[%cal Bf1b5,Bb5a4,Ba4b3][%mdl 32]} a6 4. Ba4 Nf6 5. O-O Be7 6. Re1 b5 7. Bb3 d6 8. c3 O-O 9. h3 Re8 10. d4 Bb7 11. Nbd2 Bf8 12. a4 exd4 {C92: Closed Ruy Lopez: 9...Be6, Karpov and Flohr-Zaitsev Variations} (12... Qd7 13. d5 Ne7 14. Nf1 h6 15. N3h2 c6 16. dxc6 Bxc6 17. Ng4 Nxg4 18. hxg4 d5 19. axb5 axb5 20. Rxa8 Rxa8 21. exd5 Nxd5 22. Rxe5 {½-½ (60) Inarkiev,E (2693)-Svidler,P (2760) Antalya 2017 CBM 181 [Sadorra,J]}) 13. cxd4 Qd7 14. axb5 axb5 15. Rxa8 Bxa8 16. Ng5 {LiveBook: 4 Games} Nd8 17. e5 Nd5 18. Ndf3 h6 19. Ne4 Nb4 $1 20. Qd2 Bd5 $146 21. Qxb4 Bxe4 $1 22. Rxe4 d5 23. Qe1 dxe4 24. Qxe4 c5 25. Bc2 {[%csl Gc2][%cal Re4h7]} g6 26. d5 f5 27. Qd3 c4 28. Qd4 $36 {[%mdl 2048] White has some pressure.} Bg7 29. g4 {White wants to play gxf5.} Nf7 (29... Qb7 $1 $11) 30. e6 $16 Qe7 31. exf7+ Qxf7 32. Qd1 $1 Rd8 33. d6 {aiming for gxf5.} fxg4 (33... Qf6 $16 {was called for.}) 34. hxg4 $18 {[%cal Bh3g4,Bg4g5][%mdl 32]} Qe6 35. Bf4 $1 Bxb2 36. g5 h5 37. Kg2 Ba3 {[%cal Ra3d6] [#]} 38. Bg3 $2 (38. Ne5 $1 $18 Rxd6 39. Qa1 (39. Qf3 Rd5 $16)) 38... Bxd6 $17 39. Nh4 $2 {[#]} (39. Ne5 $17 Bc7 40. Qa1 Bxe5 41. Bxe5) 39... Bc7 $1 $19 {[%mdl 512]} 40. Qf3 (40. Bxc7 Rxd1) 40... Bxg3 41. Nxg6 {[#] And now Bf5 would win.} Bxf2 $1 42. Kxf2 {[#]} (42. Qxf2 Qg4+) 42... Re8 $1 ({Not} 42... Rd2+ 43. Kf1 $15) 43. Qd1 $2 (43. Nf4 Qe1+ 44. Kg2 Qd2+ 45. Qf2) 43... b4 {[%cal Bb5b4,Bb4b3][%mdl 32]} 44. Qd2 b3 {Black mates.} 45. Nf4 Rf8 46. Bd1 Qf5 47. Kf3 Qg4+ 48. Ke4 Re8+ 49. Kd4 Rd8+ 50. Kxc4 Qc8+ {Precision: White = 36%, Black = 76%.} 0-1